000 01265nmc a2200457 a 4500
003 AR-BaBNM
005 20251128204629.0
008 287019s1988 ||||||||||||||000 | spa||
020 _a950-620-041-6
040 _cAR-BaBNM
100 1 _aLagos Nilsson, Jorge
245 1 0 _aBreve historia del pensamiento social
260 _aBuenos Aires
_bClaridad
_c1988
300 0 _a205 p.
490 0 _aBreve historia. Pensamiento social
504 _aBibliografía: p. 201-202
600 1 4 _aMontesquieu, Charles-Louis de Secondat
600 1 4 _aQuetelet, Adolphe Jacques
600 1 4 _aDurkheim, Emile
_d1858-1917
600 1 4 _aEssertier, Daniel
600 1 4 _aMarx, Karl
600 1 4 _aMills, C. Wright
600 1 4 _aMerton, Robert
600 1 4 _aParsons, Talcott
600 1 4 _aComte, Auguste
600 1 4 _aProudhon, Pierre-Joseph
_d1809-1865
600 1 4 _aWeber, Max
_d1864-1920
650 4 _aSOCIOLOGIA
650 4 _aFILOSOFIA DE LAS CIENCIAS
650 4 _aBIOETICA
650 4 _aCULTURA CIENTIFICA
650 4 _aFILOSOFIA POLITICA
650 4 _aEVOLUCION
650 4 _aBIOLOGIA
650 4 _aCIENCIAS SOCIALES
650 4 _aMARXISMO
650 4 _aEMPIRISMO
800 1 _aTaboada, Gabriel
_edirector
942 _cBK
998 _cSILVI
999 _c8149
_d8149